000
00419nam a22001697a 4500
003
MPLRDC
005
20220104142923.0
008
210129b ||||| |||| 00| 0 eng d
082
_a
855 LXW-2
100
_a
刘心武著
245
_a
同文学青年对话
_c
250
_a
一版一刷
260
_a
_b
文化艺术出版社
_c
1983
300
_b
平
650
_a
散文;随笔、日记
942
_c
BK
_o
855 LXW-2
999
_c
34898
_d
34888